Удивительны как всегда

Dettagli Bibliografici
Autore principale: Кикнадзе А. В. Александр Васильевич
Riassunto:Исключено из фонда НТБ ТПУ
Lingua:russo
Pubblicazione: Москва, Молодая гвардия, 1988
Natura: MixedMaterials Libro
KOHA link:https://koha.lib.tpu.ru/cgi-bin/koha/opac-detail.pl?biblionumber=134509

MARC

LEADER 00000nam0a2200000 4500
001 134509
005 20231031135714.0
010 |a 5235000323 
020 |a RU  |b 88-55626 
035 |a (RuTPU)RU\TPU\book\145809 
090 |a 134509 
100 |a 20080331d1988 m y0rusy5003 ca 
101 0 |a rus 
102 |a RU 
105 |a a z 000zy 
200 1 |a Удивительны как всегда  |f А. В. Кикнадзе 
210 |a Москва  |c Молодая гвардия  |d 1988 
215 |a 320 с.  |c ил. 
333 |a Исключено из фонда НТБ ТПУ 
700 1 |a Кикнадзе  |b А. В.  |g Александр Васильевич 
801 0 |a RU  |b RuMRKP  |c 19950417  |g psbo 
801 1 |a RU  |b 63413507  |c 20080331  |g PSBO 
801 2 |a RU  |b 63413507  |c 20220616  |g PSBO 
942 |c BK